Kafilérie na Slovensku
Z obsahu: Ministerstvo pôdohospodárstva nezvládlo konkurenčný boj kafilérií. Trh spravil zo živočíšneho odpadu lukratívnu surovinu. Štátne peniaze prerozdelí kafilériám N-Adova. Žilinská kafiléria obhajuje rozdielny prístup k producentom odpadov. Obchodnú činnosť kafilérie v Senci vykonáva jej major...
Uložené v:
| Hlavný autor: | |
|---|---|
| Médium: | Kapitola |
| Jazyk: | Slovak |
| Predmet: | |
| Tagy: |
Žiadne tagy, Buďte prvý, kto otaguje tento záznam!
|
MARC
| LEADER | 00000naa a2200000 4500 | ||
|---|---|---|---|
| 001 | r042549 | ||
| 005 | 20230921111507.2 | ||
| 041 | 0 | |a slo | |
| 044 | |a SK | ||
| 245 | 1 | 0 | |a Kafilérie na Slovensku |c Branislav Sobinkovič |
| 520 | |a Z obsahu: Ministerstvo pôdohospodárstva nezvládlo konkurenčný boj kafilérií. Trh spravil zo živočíšneho odpadu lukratívnu surovinu. Štátne peniaze prerozdelí kafilériám N-Adova. Žilinská kafiléria obhajuje rozdielny prístup k producentom odpadov. Obchodnú činnosť kafilérie v Senci vykonáva jej majoritný vlastník. Sprivatizovaná kafiléria v Nitre mieri do náručia štátu. Skrachovaný Lieskovec zatraktívňuje možný záujem štátu. | ||
| 610 | 2 | 0 | |a poľnohospodárstvo |
| 610 | 2 | 0 | |a odpad |
| 610 | 2 | 0 | |a výroba živočíšna |
| 610 | 2 | 0 | |a privatizácia |
| 610 | 2 | 0 | |a Slovensko |
| 100 | 1 | |a Sobinkovič, Branislav | |